Quiz sulla Lettonia - Statistics

Statistiche generali
  • Questo quiz è stato fatto 1.270 volte
  • Il punteggio medio è 11 su 19
Statistiche sulle risposte
Domanda Risposta % Corretto
Stati confinanti Estonia
99%
Stati confinanti Lituania
99%
Stati confinanti Russia
98%
Capitale Riga
97%
Stato con bandiera simile:
Austria
93%
Stati confinanti Bielorussia
92%
Mare che bagna la Lettonia Mar Baltico
92%
Stato dal quale la Lettonia ha ottenuto l'indipendenza nel 1991 Unione Sovietica
88%
Valuta Euro
76%
Sport più popolare Hockey su ghiaccio
58%
Circa il 52% del territorio lettone è coperto da Foreste
52%
Chiesa protestante maggioritaria nel paese Luterana
51%
Stato che controllava le parti nord-orientali della Lettonia tra il 1629 e il 1721 Svezia
35%
La capitale della Lettonia ha il più grande numero di edifici in questo stile architettonico Art {Nouveau}
33%
La capitale della Lettonia faceva parte di questa alleanza commerciale del Medioevo Lega {Anseatica}
24%
Cestista lettone che è stato nominato all-star NBA nel 2018 Kristaps {Porziņģis}
19%
L'esploratore lettone Aleksandrs Laime è il primo uomo ad aver raggiunto a piedi questa cascata sudamericana Salto Angel
16%
Lingua il cui ultimo madrelingua è morto nel 2013 (Inizia per L) Livone
10%
Serie di eventi che hanno portato all'indipendenza della Lettonia e di due paesi confinanti Rivoluzione {cantata}
6%
Nessun quiz corrispondente trovato
Distribuzione punteggi
Percentuale di utenti per punteggio
Percentile per numero di risposta
I tuoi punteggi nel tempo
Non hai fatto questo quiz